Statistics for D.R. Congo Country Quiz

Click here to take the quiz!

General Stats

  • This quiz has been taken 9,558 times
    (9,516 since last reset)
  • The average score is 14 of 20

Answer Stats

Question Answer % Correct
What is the largest country that borders the DRC? (hint: starts with A)Angola
94%
Put on your thinking cap ... On what river would you find these two cities?Congo River
94%
What is the only African country that is bigger than the DRC?Algeria
94%
Which European country colonized the DRC?Belgium
93%
What is the capital of the D. R. Congo?Kinshasa
90%
What is the official language of the DRC?French
90%
What is the only country that lies on the equator and is bigger than the DRC?Brazil
88%
What was the former name of the DRC, from 1971 to 1997?Zaire
87%
Which two metals, starting with C, are the two most important exports of the DRC?Copper
78%
What other national capital is located just 8 km north of the above?Brazzaville
76%
What European king owned the DRC as a personal possession, badly mistreating it?Leopold II
69%
What African "lingua franca" is spoken by many people in the eastern part of the country?Swahili
64%
What scary haemorrhagic fever is named for a river in the DRC?Ebola
59%
Which two metals, starting with C, are the two most important exports of the DRC?Cobalt
56%
What lake, the second largest by volume in the world, lies between
the DRC and Tanzania?
Lake Tanganyika
49%
What giraffe relative with stripes like a zebra is the national animal of the DRC?
(hint: starts with O)
Okapi
48%
What generic term refers to the extremely short and heavily persecuted
tribal groups in and around the DRC?
Pygmy
46%
What chimpanzee relative can only be found in the DRC?Bonobo
45%
What is the tallest mountain in the country - named for a British explorer?Mount Stanley
33%
Who was dictator of the country during that period?Mobutu Sese Seko
32%

Score Distribution

Percentile by Number Answered

Percent of People with Each Score

Your Score History

You have not taken this quiz since the last reset